Cracks in the iron closet : travels in gay & lesbian Russia /

সংরক্ষণ করুন:
গ্রন্থ-পঞ্জীর বিবরন
প্রধান লেখক: Tuller, David (লেখক)
বিন্যাস: গ্রন্থ
ভাষা:ইংরেজি
প্রকাশিত: Chicago : The University of Chicago Press, 1996
ট্যাগগুলো: ট্যাগ যুক্ত করুন
কোনো ট্যাগ নেই, প্রথমজন হিসাবে ট্যাগ করুন!

MARC

LEADER 00000nam a22000007i 4500
001 IT\ICCU\UBO\2253794
003 ItRI
005 20260115231814.0
008 030722s1997 xxu|||||| ||||| |||||c
020 |a 0226815684 (pbk) 
040 |b ita  |c importazione bologna sebina 
041 7 |a eng  |2 ISO-639-2 
100 1 |a Tuller, David  |0 IT\ICCU\UBOV\815316  |4 aut 
245 1 0 |a Cracks in the iron closet :  |b travels in gay & lesbian Russia /  |c David Tuller. 
260 |a Chicago :  |b The University of Chicago Press,  |c 1996 
300 |a XIV, 313 p. ;  |c 22 cm. 
942 |2 ddc  |c BK  |n 0 
952 |0 0  |1 0  |4 0  |6 DOC_306_766000000000000_TUL  |7 0  |9 13045  |a BO  |b BO  |d 2026-01-15  |i 7507  |l 0  |o DOC 306.766 TUL  |p BO7507  |r 2026-01-15 23:18:14  |w 2026-01-15  |x [Sebina 5] [1 v.]  |y BK  |z 1 v. 
999 |c 11176  |d 11176